Lettres sur la profession d'avocat: et bibliothèque choisie des livres de Droit, qu'il est le plus utile d'acquérir et de connaitre.

Saved in:
Bibliografiske detaljer
Hovedforfatter: Camus, M
Format: Bog
Sprog:fransk
Udgivet: París, Francia Néve 1818
Udgivelse:Cuarta edición.
Fag:
Tags: Tilføj Tag
Ingen Tags, Vær først til at tagge denne postø!

MARC

LEADER 00000nam a2200000 a 4500
001 UCR4177
003 CL-VaPUC
005 20211228114444.0
008 980307e18180000FR |||||||||||||||||fre|d
999 |c 267128  |d 267126 
040 |c Pontificia Universidad Católica de Valparaíso 
082 0 4 |a 340.023 CAM 1818  |2 21 
100 0 |a Camus, M  |9 403886 
245 1 0 |a Lettres sur la profession d'avocat: et bibliothèque choisie des livres de Droit, qu'il est le plus utile d'acquérir et de connaitre. 
250 |a Cuarta edición. 
260 0 3 |a París, Francia  |b Néve  |c 1818 
300 |a tomo. 
583 |a last modification  |c 19980307 00:00:00  |k Rodrigo Vera 
650 0 |a Abogados  |9 256284 
650 7 |a ETICA PROFESIONAL DEL ABOGADO  |2 CL-VaPUC  |9 380739 
650 0 |a Pedagogía jurídica  |9 380883 
650 0 |a Derecho natural   |9 255041 
650 0 |a Derecho eclesiástico  |9 255055 
650 7 |a PARLAMENTARIOS  |2 CL-VaPUC  |9 338461 
942 |c BK  |2 ddc 
945 |d 19980307 00:00:00  |a cmena 
952 |0 0  |1 0  |2 ddc  |4 0  |6 340_023000000000000_CAM_1818  |7 0  |8 X  |9 299314  |a BIBDER  |b BIBDER  |d 2019-11-20  |h t.1  |i 1958372  |o 340.023 CAM 1818  |p 1958372  |r 2023-01-25  |t 1  |w 2019-11-20  |y BK_X  |k DER